Statistiques concernant Départements de Normandie

Cliquez ici pour prendre le quiz!

Statistiques générales

  • Ce quiz a été pris 58 fois
  • Le résultat moyen est 4 sur 5

Statistiques - réponses

Départements% Correct
Calvados
95%
Manche
95%
Seine-Maritime
88%
Eure
84%
Orne
79%

Distribution des résultats

Percentile par nombre de réponses

% des personnes avec chaque résultat

Votre développement - résultats

Vous n’avez pas pris ce quiz